000 00880naa a22002657u 4500
001 06902
003 HDC
007 cr bn ---aaaaa
008 210125s1996 flu eng
040 _aHDC
100 _aSwanson, Barry G.,
_eauthor
_97332
245 0 _aHandbook of FAT REPLACERS :
_bLow-Calorie Fats and Synthetic Fat Substitutes /
_cby Barry G. Swanson
260 _aBoca Raton :
_bCRC Press,
_c1996
300 _a10 pages
336 _atext
_2rdacontent
337 _acomputer
_2rdamedia
338 _aonline resource
_2rdacarrier
500 _aOriginal from book
650 _aFat substitutes
_97321
650 _aFat
_96877
856 _zRequest full-text at [email protected]
942 _2lcc
942 _cCHAP
942 _kEBCH 000401
999 _c4226
_d4226